The mystery of the stolen sword (Record no. 1418)

MARC details
000 -LEADER
fixed length control field 01195cam a2200325 a 4500
005 - DATE AND TIME OF LATEST TRANSACTION
control field 20230824095055.0
020 ## - INTERNATIONAL STANDARD BOOK NUMBER
International Standard Book Number 0590762753
040 ## - CATALOGING SOURCE
Original cataloging agency DLC
Transcribing agency DLC
Modifying agency DLC
Language of cataloging eng
050 00 - LIBRARY OF CONGRESS CALL NUMBER
Classification number PZ7.W244
Item number Muf 1998
082 00 - DEWEY DECIMAL CLASSIFICATION NUMBER
Classification number Fic
100 1# - MAIN ENTRY--PERSONAL NAME
Personal name Warner, Gertrude Chandler
Dates associated with a name 1890-1979.
245 14 - TITLE STATEMENT
Title The mystery of the stolen sword
Statement of responsibility, etc. by Gertrude Chandler Warner ; illustrated by Charles Tang.
250 ## - EDITION STATEMENT
Edition statement First Scholastic printing, November 1998
260 ## - PUBLICATION, DISTRIBUTION, ETC.
Date of publication, distribution, etc. 1998
300 ## - PHYSICAL DESCRIPTION
Extent 121 pages :
Other physical details illustrations ;
Dimensions 20 cm
490 1# - SERIES STATEMENT
Series statement The boxcar children
Volume/sequential designation Book 67
505 ## - FORMATTED CONTENTS NOTE
Formatted contents note Q <br/>
520 ## - SUMMARY, ETC.
Summary, etc. The Alden children visit a family friend at his apple orchard which is rumored to be haunted, but instead of a ghost they find that some of the families' valuable antiques are being stolen.
521 ## - TARGET AUDIENCE NOTE
Target audience note 660 <br/>
Source Lexile <br/>
521 ## - TARGET AUDIENCE NOTE
Target audience note Q <br/>
Source Raz-Plus <br/>
650 #1 - SUBJECT ADDED ENTRY--TOPICAL TERM
Topical term or geographic name entry element Brothers and sisters
General subdivision Fiction.
650 #1 - SUBJECT ADDED ENTRY--TOPICAL TERM
Topical term or geographic name entry element Orphans
General subdivision Fiction.
650 #1 - SUBJECT ADDED ENTRY--TOPICAL TERM
Topical term or geographic name entry element Orchards
General subdivision Fiction.
650 #1 - SUBJECT ADDED ENTRY--TOPICAL TERM
Topical term or geographic name entry element Mystery and detective stories.
700 1# - ADDED ENTRY--PERSONAL NAME
Personal name Tang, Charles
Relator term illustrator
906 ## - LOCAL DATA ELEMENT F, LDF (RLIN)
a 7
b cbc
c orignew
d 1
e ocip
f 19
g y-gencatlg
942 ## - ADDED ENTRY ELEMENTS (KOHA)
Source of classification or shelving scheme Dewey Decimal Classification
Koha item type Books
Suppress in OPAC No
999 ## -
-- 1418
-- 1418
Holdings
Withdrawn status Lost status Source of classification or shelving scheme Damaged status Not for loan Collection Home library Current library Shelving location Date acquired Total Checkouts Full call number Barcode Date last seen Date last checked out Price effective from Koha item type
    Dewey Decimal Classification     Juvenile Fiction Footprints International School Library Network Toul Kork Campus Footprints International School Library Network Toul Kork Campus   08/24/2023 1 WAR Fic PZ7.W244 FIS00695 01/30/2024 01/12/2024 08/24/2023 Books